000 00650nam a22001937a 4500
005 20260120150319.0
010 _aENG-147555
020 _c150.00
_a9789348685100
035 _aEN-131087
037 _bDBAD
_aDPL
082 _a280
_21
245 _aCATHOLIC EDUCATORS/
_cEdited By Maria Charles
250 _a1
260 _bATC Publishers
_aBengaluru
_c2025
270 _aSt's Mary Block, Archdiocesan,Pastoral Center,#5, Nandidurga Road,Benson Town
_bBengaluru
_e560046
_k+918025491999
_k7090100444
_minfo@atcpublishers.com
300 _a103p.
_c21cm(pb)
700 _aCharles, Maria
_eEditor
_986649
942 _2ddc
_cEN
_h280
_mCAT
999 _c214322
_d214322